[Event "Burlington Staunton Int"]
[Site "London, Chiswick House"]
[Date "1994.??.??"]
[Round "?"]
[White "Maduekwe, Chiedu"]
[Black "Rayner, Francis"]
[Result "1-0"]
[WhiteElo "2235"]
[BlackElo "2285"]
[PlyCount "79"]
[EventDate "1994.10.??"]
[EventType "tourn"]
[EventRounds "15"]
[EventCountry "ENG"]
[SourceTitle "BritBase"]
[Source "John Saunders"]
[SourceDate "2023.06.01"]
[SourceVersion "1"]
[SourceVersionDate "2023.06.01"]
[SourceQuality "1"]

1. d4 Nf6 2. c4 g6 3. Nc3 Bg7 4. e4 O-O 5. Be3 d6 6. f3 a6 7. Qd2 Nc6 8. Nge2
Rb8 9. Rb1 Bd7 10. b4 e6 11. b5 axb5 12. cxb5 Ne7 13. Ng3 c6 14. Bd3 Qa5 15.
O-O Rfc8 16. Nd5 Qd8 17. Nxe7+ Qxe7 18. a4 c5 19. dxc5 dxc5 20. Bc4 Ra8 21. a5
Be8 22. a6 bxa6 23. bxa6 Bc6 24. Rfd1 Nd7 25. Qf2 Qf6 26. Bf1 h5 27. Rb7 Nb8
28. Rb6 h4 29. Nh1 Nd7 30. Rxc6 Rxc6 31. Rxd7 c4 32. a7 c3 33. Qc2 h3 34. Bb5
Rcc8 35. Nf2 hxg2 36. Kxg2 e5 37. Ba4 Qe6 38. Rd3 Qa6 39. Bb3 Qa1 40. Nd1 1-0

[Event "Burlington Staunton Int"]
[Site "London, Chiswick House"]
[Date "1994.??.??"]
[Round "?"]
[White "Maduekwe, Chiedu"]
[Black "Dunworth, Christopher N"]
[Result "1/2-1/2"]
[WhiteElo "2235"]
[BlackElo "2245"]
[PlyCount "39"]
[EventDate "1994.10.??"]
[EventType "tourn"]
[EventRounds "15"]
[EventCountry "ENG"]
[SourceTitle "BritBase"]
[Source "John Saunders"]
[SourceDate "2023.06.01"]
[SourceVersion "1"]
[SourceVersionDate "2023.06.01"]
[SourceQuality "1"]

1. e4 e6 2. d4 d5 3. e5 c5 4. c3 Nc6 5. Nf3 Qb6 6. Be2 Nh6 7. Bxh6 gxh6 8. Qd2
Bg7 9. O-O O-O 10. Na3 cxd4 11. cxd4 Bd7 12. Nc2 f6 13. exf6 Rxf6 14. b4 Raf8
15. b5 Ne7 16. Ne5 Be8 17. g3 h5 18. a4 Nf5 19. a5 Qc7 20. Rac1 1/2-1/2

[Event "Burlington Staunton Int"]
[Site "London, Chiswick House"]
[Date "1994.??.??"]
[Round "?"]
[White "Maduekwe, Chiedu"]
[Black "Anagnostopoulos, Dimitrios"]
[Result "0-1"]
[WhiteElo "2235"]
[BlackElo "2425"]
[PlyCount "106"]
[EventDate "1994.10.??"]
[EventType "tourn"]
[EventRounds "15"]
[EventCountry "ENG"]
[SourceTitle "BritBase"]
[Source "John Saunders"]
[SourceDate "2023.06.01"]
[SourceVersion "1"]
[SourceVersionDate "2023.06.01"]
[SourceQuality "1"]

1. d4 Nf6 2. c4 e5 3. dxe5 Ng4 4. Bf4 Bb4+ 5. Nd2 f6 6. Ngf3 Nc6 7. exf6 Qxf6
8. e3 Qxb2 9. Be2 O-O 10. O-O d6 11. Nb3 Qf6 12. Nbd4 Nge5 13. Rb1 Nxf3+ 14.
Nxf3 Kh8 15. Bg3 Bc5 16. Qd5 Bb6 17. Bd3 Ne7 18. Qh5 Bf5 19. Bxf5 Nxf5 20. Bf4
h6 21. Qg4 Rae8 22. h4 Qe6 23. Nd2 Nd4 24. Qxe6 Ne2+ 25. Kh1 Rxe6 26. Bh2 Nc3
27. Rb2 Ne4 28. Nf3 g5 29. Nd4 Bxd4 30. exd4 gxh4 31. Kg1 b6 32. Re2 Ng5 33.
Rfe1 Rfe8 34. Kf1 Kg7 35. Rxe6 Rxe6 36. Rxe6 Nxe6 37. d5 Nd4 38. Bf4 Kg6 39.
Be3 Nc2 40. Ke2 Nxe3 41. Kxe3 Kf5 42. Kf3 h5 43. a3 a6 44. a4 Kg5 45. Ke4 Kg4
46. f4 Kg3 47. f5 Kxg2 48. f6 h3 49. f7 h2 50. f8=Q h1=Q 51. Qg7+ Kf2+ 52. Kf5
Qf3+ 53. Ke6 Qg4+ 0-1

[Event "Burlington Staunton Int"]
[Site "London, Chiswick House"]
[Date "1994.??.??"]
[Round "?"]
[White "McDonald, Neil R"]
[Black "Beaumont, Chris R"]
[Result "1/2-1/2"]
[WhiteElo "2390"]
[BlackElo "2365"]
[PlyCount "128"]
[EventDate "1994.10.??"]
[EventType "tourn"]
[EventRounds "15"]
[EventCountry "ENG"]
[SourceTitle "BritBase"]
[Source "John Saunders"]
[SourceDate "2023.06.01"]
[SourceVersion "1"]
[SourceVersionDate "2023.06.01"]
[SourceQuality "1"]

1. e4 c5 2. Nf3 g6 3. d4 Bg7 4. dxc5 Qa5+ 5. c3 Qxc5 6. Be3 Qc7 7. Bd4 Nf6 8.
e5 Nh5 9. Na3 Nc6 10. Qe2 Nxd4 11. cxd4 O-O 12. Qd2 d6 13. Rc1 Qd8 14. exd6
exd6 15. Be2 Qf6 16. Nc4 Nf4 17. Ne3 Be6 18. b3 h5 19. O-O Nxe2+ 20. Qxe2 Bg4
21. Nd5 Qd8 22. h3 Bxf3 23. Qxf3 Bxd4 24. Qe4 Bg7 25. Rc7 b6 26. f4 Qh4 27. Qf3
Rae8 28. f5 Re1 29. Rc1 Rxc1 30. Rxc1 Re8 31. f6 Re1+ 32. Rxe1 Qxe1+ 33. Qf1
Qxf1+ 34. Kxf1 Bh6 35. Ne7+ Kf8 36. Nc8 Bg5 37. Nxa7 Bxf6 38. Nc8 Bd4 39. Nxd6
Ke7 40. Nb5 Bc5 41. Ke2 Ke6 42. a3 Kd5 43. Kd3 f5 44. b4 Bf2 45. a4 g5 46. a5
bxa5 47. bxa5 Kc5 48. Nc3 g4 49. hxg4 hxg4 50. Nd1 Be1 51. a6 Kb6 52. Ne3 Kxa6
53. Nxf5 Kb6 54. Ke4 Bd2 55. Ne3 Kc6 56. Nxg4 Kd6 57. Kf5 Ke7 58. Kg6 Kf8 59.
Nf6 Bc1 60. g4 Bd2 61. Nd5 Bc1 62. Kf5 Kf7 63. Nf4 Bxf4 64. Kxf4 Kf6 1/2-1/2

[Event "Burlington Staunton Int"]
[Site "London, Chiswick House"]
[Date "1994.??.??"]
[Round "?"]
[White "McDonald, Neil R"]
[Black "Whiteley, Andrew Jonathan"]
[Result "1-0"]
[WhiteElo "2390"]
[BlackElo "2305"]
[PlyCount "68"]
[EventDate "1994.10.??"]
[EventType "tourn"]
[EventRounds "15"]
[EventCountry "ENG"]
[SourceTitle "BritBase"]
[Source "John Saunders"]
[SourceDate "2023.06.01"]
[SourceVersion "1"]
[SourceVersionDate "2023.06.01"]
[SourceQuality "1"]

1. e4 e6 2. d4 d5 3. Nc3 Bb4 4. e5 c5 5. a3 Bxc3+ 6. bxc3 Qc7 7. Nf3 Ne7 8. a4
b6 9. Bb5+ Bd7 10. Bd3 Nbc6 11. O-O h6 12. Re1 O-O 13. Ba3 Na5 14. Nd2 Bxa4 15.
dxc5 bxc5 16. Qg4 Bd7 17. Nf3 Nb7 18. Bc1 f5 19. exf6 Rxf6 20. c4 dxc4 21. Qxc4
Nd6 22. Bf4 Nd5 23. Bxd6 Qxd6 24. Qe4 g6 25. Ra6 Qf4 26. c4 Nc7 27. Ra5 Qd6 28.
Ne5 Be8 29. Qe3 Qd4 30. Qxd4 cxd4 31. Be4 Rc8 32. Rc5 Rf8 33. Bb7 Bf7 34. Bxc8
Rxc8 1-0

[Event "Burlington Staunton Int"]
[Site "London, Chiswick House"]
[Date "1994.??.??"]
[Round "?"]
[White "McDonald, Neil R"]
[Black "Maduekwe, Chiedu"]
[Result "1-0"]
[WhiteElo "2390"]
[BlackElo "2235"]
[PlyCount "59"]
[EventDate "1994.10.??"]
[EventType "tourn"]
[EventRounds "15"]
[EventCountry "ENG"]
[SourceTitle "BritBase"]
[Source "John Saunders"]
[SourceDate "2023.06.01"]
[SourceVersion "1"]
[SourceVersionDate "2023.06.01"]
[SourceQuality "1"]

1. e4 e6 2. d4 d5 3. Nc3 Nf6 4. Bg5 Bb4 5. e5 h6 6. Bd2 Bxc3 7. bxc3 Ne4 8. Qg4
Kf8 9. Bd3 Nxd2 10. Kxd2 Qg5+ 11. Qxg5 hxg5 12. Nh3 f6 13. f4 g4 14. Nf2 f5 15.
g3 Nc6 16. h3 gxh3 17. Nxh3 Bd7 18. Rag1 Re8 19. g4 g6 20. Ng5 Ke7 21. Nh7 Kd8
22. Rh6 Ne7 23. Rgh1 Ng8 24. Rxg6 Re7 25. gxf5 exf5 26. Nf6 Rxh1 27. Rxg8+ Be8
28. Bxf5 c6 29. Bg6 Rg1 30. f5 1-0

[Event "Burlington Staunton Int"]
[Site "London, Chiswick House"]
[Date "1994.??.??"]
[Round "?"]
[White "McDonald, Neil R"]
[Black "Dunworth, Christopher N"]
[Result "1/2-1/2"]
[WhiteElo "2390"]
[BlackElo "2245"]
[PlyCount "83"]
[EventDate "1994.10.??"]
[EventType "tourn"]
[EventRounds "15"]
[EventCountry "ENG"]
[SourceTitle "BritBase"]
[Source "John Saunders"]
[SourceDate "2023.06.01"]
[SourceVersion "1"]
[SourceVersionDate "2023.06.01"]
[SourceQuality "1"]

1. e4 g6 2. d4 d6 3. Nc3 c6 4. f4 d5 5. e5 h5 6. Nf3 Bg4 7. h3 Bxf3 8. Qxf3 e6
9. Bd3 h4 10. O-O Ne7 11. Be3 Nf5 12. Bf2 Nd7 13. Ne2 Qb6 14. b3 Be7 15. c4 Kf8
16. Rac1 Kg7 17. Rc2 a5 18. Rfc1 Ba3 19. Rd1 Be7 20. Rdc1 Ba3 21. Rb1 Be7 22.
Kh2 Nf8 23. cxd5 cxd5 24. a4 Qd8 25. Be1 Qb6 26. Bb5 Nh7 27. Rd1 Rhc8 28. Rdc1
Rxc2 29. Rxc2 Nf8 30. Qd3 g5 31. fxg5 Bxg5 32. b4 axb4 33. Bxb4 Ng6 34. Bc5 Qa5
35. Qc3 Qd8 36. Qf3 Be3 37. Bd3 Qg5 38. Bxf5 exf5 39. Qxd5 Nf4 40. Qf3 Nxe2 41.
Rxe2 f4 42. Qg4 1/2-1/2

[Event "Burlington Staunton Int"]
[Site "London, Chiswick House"]
[Date "1994.??.??"]
[Round "?"]
[White "McDonald, Neil R"]
[Black "Dive, Russell John"]
[Result "1-0"]
[WhiteElo "2390"]
[BlackElo "2315"]
[PlyCount "107"]
[EventDate "1994.10.??"]
[EventType "tourn"]
[EventRounds "15"]
[EventCountry "ENG"]
[SourceTitle "BritBase"]
[Source "John Saunders"]
[SourceDate "2023.06.01"]
[SourceVersion "1"]
[SourceVersionDate "2023.06.01"]
[SourceQuality "1"]

1. e4 Nf6 2. e5 Nd5 3. d4 d6 4. Nf3 g6 5. Bc4 c6 6. h3 Bg7 7. Qe2 O-O 8. O-O a5
9. a4 Na6 10. Re1 Nac7 11. c3 Re8 12. Na3 Nb6 13. Bb3 Be6 14. Bc2 Qc8 15. Bf4
Bf5 16. Bb3 Be6 17. c4 Na6 18. Ng5 Bf5 19. Rad1 dxe5 20. dxe5 Nc5 21. Be3 Nbd7
22. Bc2 Bxc2 23. Qxc2 h6 24. e6 hxg5 25. exd7 Nxd7 26. Bxg5 Nf6 27. Nb1 Qc7 28.
Nc3 Rad8 29. Be3 Rxd1 30. Rxd1 Rd8 31. Rxd8+ Qxd8 32. Qb3 Qa8 33. Bb6 Nd7 34.
Ne4 Qa6 35. Bd8 Ne5 36. Bxe7 Qxc4 37. Qe3 Qe6 38. Bc5 Nc4 39. Qf4 Qe5 40. Qh4
g5 41. Qg4 Nxb2 42. Qc8+ Kh7 43. Qg4 Kg8 44. Qc8+ Kh7 45. Qg4 Kg6 46. Ng3 Kh7
47. Be3 Qd5 48. Kh2 Nd1 49. Nf5 Bh6 50. Bd4 c5 51. Bg7 f6 52. Bxf6 Nxf2 53. Qh5
Qxf5 54. Qf7+ 1-0

[Event "Burlington Staunton Int"]
[Site "London, Chiswick House"]
[Date "1994.??.??"]
[Round "?"]
[White "O'Shaughnessy, Conor"]
[Black "McDonald, Neil R"]
[Result "0-1"]
[WhiteElo "2295"]
[BlackElo "2390"]
[PlyCount "86"]
[EventDate "1994.10.??"]
[EventType "tourn"]
[EventRounds "15"]
[EventCountry "ENG"]
[SourceTitle "BritBase"]
[Source "John Saunders"]
[SourceDate "2023.06.01"]
[SourceVersion "1"]
[SourceVersionDate "2023.06.01"]
[SourceQuality "1"]

1. e4 e6 2. d4 d5 3. Nd2 dxe4 4. Nxe4 Bd7 5. Nf3 Bc6 6. Bd3 Nd7 7. Qe2 Ngf6 8.
Neg5 Bxf3 9. Nxf3 Be7 10. O-O O-O 11. Rd1 c6 12. b3 Qa5 13. Ne5 Rad8 14. a3
Rfe8 15. Bb2 Bf8 16. c4 g6 17. Bc2 Bg7 18. b4 Qc7 19. Bb3 Nh5 20. Qe3 Nhf6 21.
Qe2 a5 22. Bc3 axb4 23. axb4 Ra8 24. g3 Rxa1 25. Rxa1 b5 26. Nxd7 Nxd7 27. cxb5
cxb5 28. Bb2 Rb8 29. Ra5 Qc6 30. Bc2 Qc4 31. Qd2 Bh6 32. Qd1 Qxb4 33. Qa1 Qd2
34. Be4 Be3 35. fxe3 Qxe3+ 36. Kf1 Qxe4 37. Kg1 Qd5 38. Qf1 Kg7 39. Qe2 Nf6 40.
Qe3 Rc8 41. Qd3 Rc4 42. Qe2 Qc6 43. d5 Qb6+ 0-1

[Event "Burlington Staunton Int"]
[Site "London, Chiswick House"]
[Date "1994.??.??"]
[Round "?"]
[White "O'Shaughnessy, Conor"]
[Black "Beaumont, Chris R"]
[Result "1/2-1/2"]
[WhiteElo "2295"]
[BlackElo "2365"]
[PlyCount "62"]
[EventDate "1994.10.??"]
[EventType "tourn"]
[EventRounds "15"]
[EventCountry "ENG"]
[SourceTitle "BritBase"]
[Source "John Saunders"]
[SourceDate "2023.06.01"]
[SourceVersion "1"]
[SourceVersionDate "2023.06.01"]
[SourceQuality "1"]

1. e4 c5 2. Nf3 g6 3. d4 Bg7 4. dxc5 Qa5+ 5. c3 Qxc5 6. Be3 Qc7 7. Bd4 Nf6 8.
e5 Nh5 9. Na3 Nc6 10. Qe2 Nxd4 11. cxd4 O-O 12. Qd2 d6 13. exd6 Qxd6 14. Be2
Be6 15. Nc4 Qf4 16. Ne3 Rfd8 17. O-O Bxd4 18. Nxd4 Rxd4 19. Qc3 Nf6 20. g3 Qd6
21. Rfd1 Rd8 22. Bf3 Qb6 23. Rxd4 Rxd4 24. a3 Rd7 25. Rc1 h5 26. h4 Nd5 27.
Bxd5 Bxd5 28. Qc8+ Qd8 29. Nxd5 Rxd5 30. Qxd8+ Rxd8 31. Rc7 Rd2 1/2-1/2

[Event "Burlington Staunton Int"]
[Site "London, Chiswick House"]
[Date "1994.??.??"]
[Round "?"]
[White "O'Shaughnessy, Conor"]
[Black "Britton, Richard L"]
[Result "0-1"]
[WhiteElo "2295"]
[BlackElo "2300"]
[PlyCount "86"]
[EventDate "1994.10.??"]
[EventType "tourn"]
[EventRounds "15"]
[EventCountry "ENG"]
[SourceTitle "BritBase"]
[Source "John Saunders"]
[SourceDate "2023.06.01"]
[SourceVersion "1"]
[SourceVersionDate "2023.06.01"]
[SourceQuality "1"]

1. e4 c5 2. Nf3 d6 3. d4 cxd4 4. Nxd4 Nf6 5. Nc3 a6 6. Bg5 e6 7. f4 Nbd7 8. Qf3
Qc7 9. O-O-O Be7 10. g4 b5 11. Bxf6 Bxf6 12. g5 Be7 13. f5 Bxg5+ 14. Kb1 Ne5
15. Qh5 Qd8 16. Nxe6 Bxe6 17. fxe6 g6 18. exf7+ Kxf7 19. Qh3 Kg7 20. Ne2 Qc8
21. Qxc8 Rhxc8 22. Nd4 Be7 23. Bh3 Rcb8 24. Rhf1 h5 25. Be6 Ra7 26. Bd5 Rb6 27.
Rd2 Kh6 28. Rg2 Rc7 29. h3 Rb8 30. Ne6 Rcc8 31. Rg3 Bh4 32. Ra3 Rb6 33. Re3 Re8
34. Rc3 Rbb8 35. Rc7 Re7 36. Rc3 Nc4 37. Rd3 Rbe8 38. Nd4 Nb6 39. Bc6 Rc8 40.
Ra3 Nc4 41. Rd3 Ne5 42. Ra3 Nxc6 43. Rc3 Na7 0-1

[Event "Burlington Staunton Int"]
[Site "London, Chiswick House"]
[Date "1994.??.??"]
[Round "?"]
[White "O'Shaughnessy, Conor"]
[Black "Abbasi, Nasser M"]
[Result "0-1"]
[WhiteElo "2295"]
[BlackElo "2275"]
[PlyCount "74"]
[EventDate "1994.10.??"]
[EventType "tourn"]
[EventRounds "15"]
[EventCountry "ENG"]
[SourceTitle "BritBase"]
[Source "John Saunders"]
[SourceDate "2023.06.01"]
[SourceVersion "1"]
[SourceVersionDate "2023.06.01"]
[SourceQuality "1"]

1. e4 c5 2. Nf3 d6 3. d4 cxd4 4. Nxd4 Nf6 5. Nc3 a6 6. Bg5 e6 7. f4 Be7 8. Qf3
Qc7 9. O-O-O Nbd7 10. g4 b5 11. Bxf6 Nxf6 12. g5 Nd7 13. f5 Nc5 14. f6 gxf6 15.
gxf6 Bf8 16. Rg1 Bd7 17. Kb1 O-O-O 18. a3 Kb8 19. Rg3 Bc8 20. Bg2 h5 21. Rg5
Nd7 22. Rxh5 Ne5 23. Qe2 Rxh5 24. Qxh5 Bb7 25. Nf3 Nc4 26. Rd3 Rc8 27. Qg5 Bxe4
28. Nxe4 Nxa3+ 29. Rxa3 Qxc2+ 30. Ka2 Qc4+ 31. Ka1 b4 32. Ra4 Qb3 33. Rxa6 Qd1+
34. Ka2 b3+ 35. Ka3 Qa1+ 36. Kxb3 Qxa6 37. Qe3 Qc4+ 0-1

[Event "Burlington Staunton Int"]
[Site "London, Chiswick House"]
[Date "1994.??.??"]
[Round "?"]
[White "O'Shaughnessy, Conor"]
[Black "Dunworth, Christopher N"]
[Result "0-1"]
[WhiteElo "2295"]
[BlackElo "2245"]
[PlyCount "106"]
[EventDate "1994.10.??"]
[EventType "tourn"]
[EventRounds "15"]
[EventCountry "ENG"]
[SourceTitle "BritBase"]
[Source "John Saunders"]
[SourceDate "2023.06.01"]
[SourceVersion "1"]
[SourceVersionDate "2023.06.01"]
[SourceQuality "1"]

1. b3 d5 2. Bb2 e6 3. e3 Nf6 4. f4 Nbd7 5. Nf3 c6 6. d3 Bd6 7. Nbd2 Qc7 8. g3
e5 9. Bg2 a5 10. a4 O-O 11. O-O Re8 12. Re1 Qb6 13. fxe5 Nxe5 14. Bd4 c5 15.
Bb2 Neg4 16. Nf1 Bd7 17. Qd2 Qc7 18. h3 Ne5 19. g4 h6 20. Qf2 Nxf3+ 21. Bxf3
Be5 22. Bxe5 Qxe5 23. Qh2 Qxh2+ 24. Kxh2 Re7 25. Kg3 Rae8 26. Kf2 b6 27. Ng3
Re5 28. c3 R5e7 29. e4 dxe4 30. Nxe4 Nxe4+ 31. Rxe4 f5 32. Rxe7 Rxe7 33. d4
fxg4 34. hxg4 Be6 35. d5 Bf7 36. d6 Rd7 37. Rd1 Bxb3 38. Rb1 c4 39. Re1 Rxd6
40. Re7 Rd2+ 41. Kg3 Bxa4 42. Re6 Bd1 43. Bxd1 Rxd1 44. Rxb6 Rd3+ 45. Kf4 Rxc3
46. Ra6 Ra3 47. Rc6 c3 48. Kf5 Kh7 49. Rc5 a4 50. Rc4 Ra1 51. Rxc3 a3 52. Rc2
Rb1 53. Ra2 Rb5+ 0-1

[Event "Burlington Staunton Int"]
[Site "London, Chiswick House"]
[Date "1994.??.??"]
[Round "?"]
[White "O'Shaughnessy, Conor"]
[Black "Dive, Russell John"]
[Result "0-1"]
[WhiteElo "2295"]
[BlackElo "2315"]
[PlyCount "112"]
[EventDate "1994.10.??"]
[EventType "tourn"]
[EventRounds "15"]
[EventCountry "ENG"]
[SourceTitle "BritBase"]
[Source "John Saunders"]
[SourceDate "2023.06.01"]
[SourceVersion "1"]
[SourceVersionDate "2023.06.01"]
[SourceQuality "1"]

1. e4 Nf6 2. Nc3 d5 3. e5 Ne4 4. Nce2 f6 5. d3 Ng5 6. Bxg5 fxg5 7. g3 c5 8. Bg2
Nc6 9. Qd2 g4 10. f4 gxf3 11. Nxf3 g6 12. O-O e6 13. c3 Bg7 14. d4 cxd4 15.
cxd4 O-O 16. Ng5 Rf5 17. Rxf5 gxf5 18. h4 Bh6 19. Rd1 Bd7 20. g4 fxg4 21. Qf4
Bxg5 22. hxg5 Qe7 23. Qxg4 Rf8 24. Nf4 Rf5 25. Nh5 Rxg5 26. Qh3 Kh8 27. Nf6 Be8
28. Qh6 Rg6 29. Qf4 Rg7 30. a3 Bg6 31. Rc1 Qf7 32. Kf2 Bd3 33. Bf1 Bxf1 34.
Kxf1 Qg6 35. Nh5 Rf7 36. Nf6 Qd3+ 37. Kf2 Qxd4+ 38. Qxd4 Nxd4 39. Rc8+ Kg7 40.
Ke3 Nc6 41. Rg8+ Kh6 42. Ng4+ Kh5 43. Nf6+ Kh4 44. Rg4+ Kh3 45. Rg5 Nxe5 46.
Rxe5 Rxf6 47. Rh5+ Kg4 48. Rxh7 e5 49. Rd7 Rf3+ 50. Kd2 d4 51. Rxb7 Kf4 52.
Rxa7 Ke4 53. b4 Rf2+ 54. Ke1 Ra2 55. b5 Ke3 56. Kf1 d3 0-1

[Event "Burlington Staunton Int"]
[Site "London, Chiswick House"]
[Date "1994.??.??"]
[Round "?"]
[White "Olesen, Martin"]
[Black "Anagnostopoulos, Dimitrios"]
[Result "1/2-1/2"]
[WhiteElo "2320"]
[BlackElo "2425"]
[PlyCount "35"]
[EventDate "1994.10.??"]
[EventType "tourn"]
[EventRounds "15"]
[EventCountry "ENG"]
[SourceTitle "StarBase 4.56"]
[SourceDate "2004.11.04"]
[SourceVersion "1"]
[SourceVersionDate "2004.11.04"]
[SourceQuality "2"]

1. e4 Nf6 2. e5 Nd5 3. d4 d6 4. f4 dxe5 5. fxe5 Nc6 6. Nf3 Bf5 7. c3 Qd7 8. Bd3
Bxd3 9. Qxd3 O-O-O 10. Na3 f6 11. Nc4 g5 12. exf6 exf6 13. O-O Bg7 14. Ne3 Nde7
15. Nd2 Ne5 16. Qc2 N5g6 17. Ne4 Qc6 18. Ng3 1/2-1/2

[Event "Burlington Staunton Int"]
[Site "London, Chiswick House"]
[Date "1994.??.??"]
[Round "?"]
[White "Olesen, Martin"]
[Black "Rayner, Francis"]
[Result "1-0"]
[WhiteElo "2320"]
[BlackElo "2285"]
[PlyCount "81"]
[EventDate "1994.10.??"]
[EventType "tourn"]
[EventRounds "15"]
[EventCountry "ENG"]
[SourceTitle "StarBase 4.56"]
[SourceDate "2004.11.04"]
[SourceVersion "1"]
[SourceVersionDate "2004.11.04"]
[SourceQuality "2"]

1. e4 c5 2. Nf3 e6 3. d4 cxd4 4. Nxd4 Nc6 5. Nb5 d6 6. c4 Nf6 7. N1c3 a6 8. Na3
Be7 9. Be2 O-O 10. O-O b6 11. Be3 Ne5 12. f4 Ned7 13. Bf3 Bb7 14. Rc1 Qc7 15.
Qe2 Rac8 16. Rfd1 Rfe8 17. g4 Nc5 18. Qg2 d5 19. cxd5 exd5 20. e5 Bf8 21. b4 d4
22. Rxd4 Bxf3 23. Qxf3 Ne6 24. Rc4 Qd7 25. exf6 Qd3 26. Qe4 Nc5 27. Qxd3 Nxd3
28. Rc2 Nxb4 29. Re2 b5 30. Rxc8 Rxc8 31. Nab1 gxf6 32. Kg2 f5 33. gxf5 Bg7 34.
Ne4 Nd5 35. Kf3 Nxe3 36. Kxe3 Rc6 37. Nbd2 Rc2 38. Nb3 Rc6 39. Nd4 Rh6 40. Rc2
Rh3+ 41. Nf3 1-0

[Event "Burlington Staunton Int"]
[Site "London, Chiswick House"]
[Date "1994.??.??"]
[Round "?"]
[White "Olesen, Martin"]
[Black "McDonald, Neil R"]
[Result "1-0"]
[WhiteElo "2320"]
[BlackElo "2390"]
[PlyCount "85"]
[EventDate "1994.10.??"]
[EventType "tourn"]
[EventRounds "15"]
[EventCountry "ENG"]
[SourceTitle "StarBase 4.56"]
[SourceDate "2004.11.04"]
[SourceVersion "1"]
[SourceVersionDate "2004.11.04"]
[SourceQuality "2"]

1. e4 c5 2. Nf3 Nc6 3. d4 cxd4 4. Nxd4 e5 5. Nb5 d6 6. a4 Be7 7. N1c3 a6 8. Na3
Be6 9. Bc4 Nf6 10. Bg5 O-O 11. Bxf6 Bxf6 12. O-O Bg5 13. Nd5 Kh8 14. c3 Rc8 15.
Qe2 Ne7 16. Nxe7 Qxe7 17. Rad1 f5 18. exf5 Bxf5 19. Bd5 e4 20. Rd4 Rce8 21. Nc2
Bg6 22. Rb4 e3 23. Nxe3 Rxf2 24. Rxf2 Bxe3 25. Bxb7 d5 26. Rbf4 d4 27. cxd4
Bxf2+ 28. Qxf2 Bd3 29. h3 h6 30. Bc6 Rb8 31. d5 Kh7 32. Qd4 Bg6 33. d6 Qg5 34.
Be4 Bxe4 35. Qxe4+ Kh8 36. d7 Qd8 37. Qd4 Kg8 38. Qd5+ Kh8 39. Qd4 Kg8 40. Qd5+
Kh8 41. Qe6 Qc7 42. Rc4 Qa7+ 43. Kh1 1-0

[Event "Burlington Staunton Int"]
[Site "London, Chiswick House"]
[Date "1994.??.??"]
[Round "?"]
[White "Olesen, Martin"]
[Black "Dunworth, Christopher N"]
[Result "0-1"]
[WhiteElo "2320"]
[BlackElo "2245"]
[PlyCount "60"]
[EventDate "1994.10.??"]
[EventType "tourn"]
[EventRounds "15"]
[EventCountry "ENG"]
[SourceTitle "StarBase 4.56"]
[SourceDate "2004.11.04"]
[SourceVersion "1"]
[SourceVersionDate "2004.11.04"]
[SourceQuality "2"]

1. e4 g6 2. d4 d6 3. Nc3 c6 4. Bg5 Bg7 5. Qd2 Nd7 6. f4 b5 7. a4 b4 8. Nd1 Ngf6
9. Bd3 O-O 10. Nf3 c5 11. c3 Bb7 12. Nf2 d5 13. exd5 bxc3 14. bxc3 Bxd5 15. Be2
cxd4 16. cxd4 Nb6 17. O-O Nc4 18. Bxc4 Bxc4 19. Rfe1 Bd5 20. Ne5 Qd6 21. Qd3
Rab8 22. f5 Rb3 23. Qc2 Rfb8 24. fxg6 hxg6 25. Rac1 Rb2 26. Qc5 Rxf2 27. Kxf2
Rb2+ 28. Ke3 Ne4 29. Qc8+ Bf8 30. Nd7 Qa3+ 0-1

[Event "Burlington Staunton Int"]
[Site "London, Chiswick House"]
[Date "1994.??.??"]
[Round "?"]
[White "Olesen, Martin"]
[Black "Holland, Christopher KD"]
[Result "1-0"]
[WhiteElo "2320"]
[BlackElo "2220"]
[PlyCount "77"]
[EventDate "1994.10.??"]
[EventType "tourn"]
[EventRounds "15"]
[EventCountry "ENG"]
[SourceTitle "StarBase 4.56"]
[SourceDate "2004.11.04"]
[SourceVersion "1"]
[SourceVersionDate "2004.11.04"]
[SourceQuality "2"]

1. e4 e6 2. d4 d5 3. e5 c5 4. c3 Nc6 5. Nf3 Qb6 6. a3 c4 7. Nbd2 f6 8. Be2 Bd7
9. O-O Na5 10. Rb1 Rc8 11. exf6 gxf6 12. Re1 Kd8 13. Bf1 Ne7 14. g3 Rc6 15. b3
cxb3 16. Nxb3 Rxc3 17. Bd2 Rxb3 18. Bxa5 Rxb1 19. Bxb6+ Rxb6 20. Qd2 Nc8 21.
Qa5 Kc7 22. Bh3 Kb8 23. Qd2 Bxa3 24. Qf4+ Bd6 25. Qxf6 Rf8 26. Qg7 Bb4 27. Qxd7
Bxe1 28. Nxe1 Rb1 29. Kf1 a5 30. Qa4 Nb6 31. Qc2 Rb4 32. Qc5 Rc8 33. Qxa5 Rb1
34. Bxe6 Rcc1 35. Bf5 Rb2 36. Kg2 Rd1 37. Nd3 Rbb1 38. Nb4 Rg1+ 39. Kh3 1-0

[Event "Burlington Staunton Int"]
[Site "London, Chiswick House"]
[Date "1994.??.??"]
[Round "?"]
[White "Rayner, Francis"]
[Black "Anagnostopoulos, Dimitrios"]
[Result "1/2-1/2"]
[WhiteElo "2285"]
[BlackElo "2425"]
[PlyCount "42"]
[EventDate "1994.10.??"]
[EventType "tourn"]
[EventRounds "15"]
[EventCountry "ENG"]
[SourceTitle "BritBase"]
[Source "John Saunders"]
[SourceDate "2023.06.01"]
[SourceVersion "1"]
[SourceVersionDate "2023.06.01"]
[SourceQuality "1"]

1. c4 c5 2. Nc3 Nc6 3. g3 g6 4. Bg2 Bg7 5. Nf3 Nf6 6. O-O O-O 7. d4 cxd4 8.
Nxd4 Nxd4 9. Qxd4 d6 10. Qd3 a6 11. Be3 Ng4 12. Bd4 Ne5 13. Qd1 Rb8 14. Rc1 Be6
15. Nd5 b5 16. cxb5 Bxd5 17. Bxd5 axb5 18. Qd2 e6 19. Bg2 Nc4 20. Qc3 Bxd4 21.
Qxd4 d5 1/2-1/2

[Event "Burlington Staunton Int"]
[Site "London, Chiswick House"]
[Date "1994.??.??"]
[Round "?"]
[White "Rayner, Francis"]
[Black "Beaumont, Chris R"]
[Result "1/2-1/2"]
[WhiteElo "2285"]
[BlackElo "2365"]
[PlyCount "81"]
[EventDate "1994.10.??"]
[EventType "tourn"]
[EventRounds "15"]
[EventCountry "ENG"]
[SourceTitle "BritBase"]
[Source "John Saunders"]
[SourceDate "2023.06.01"]
[SourceVersion "1"]
[SourceVersionDate "2023.06.01"]
[SourceQuality "1"]

1. e4 c5 2. Nf3 g6 3. d4 Bg7 4. c4 Qa5+ 5. Bd2 Qb6 6. Bc3 Nf6 7. d5 O-O 8. Bd3
d6 9. h3 Nbd7 10. O-O Nh5 11. Qd2 Bxc3 12. Nxc3 e5 13. g3 f5 14. Ng5 fxe4 15.
Bxe4 Ndf6 16. Bg2 Bd7 17. Rad1 Rae8 18. b3 Re7 19. Kh2 Rfe8 20. Nce4 Nxe4 21.
Nxe4 Rf8 22. b4 cxb4 23. c5 dxc5 24. d6 Ree8 25. Qd5+ Kg7 26. Nxc5 Nf6 27. Nxd7
Nxd5 28. Nxb6 Nxb6 29. Bxb7 Rd8 30. Kg2 Rf6 31. Rfe1 Rd7 32. Bf3 Rfxd6 33. Rxd6
Rxd6 34. Rxe5 Kf6 35. Rb5 Rd4 36. Ra5 Rd7 37. Rb5 Rd4 38. Ra5 Rd7 39. Rb5 Rd2
40. Ra5 Rd7 41. Rb5 1/2-1/2